| 000 | 00340nam a2200145Ia 4500 | ||
|---|---|---|---|
| 005 | 20251222153612.0 | ||
| 008 | 251222s9999||||xx |||||||||||||| ||spa|| | ||
| 020 | _a9788496525566 | ||
| 082 | _a813.6/T78 | ||
| 100 | _aTracy, P.J. | ||
| 245 | 0 | _aJuego de Asesinos | |
| 250 | _a1ra.ed. | ||
| 264 | _bRoca Editorial de Libros | ||
| 942 | _cLIB | ||
| 999 |
_c31629 _d31629 |
||